|
|
|
|
| LEADER |
01386nam a2200289 a 4500 |
| 001 |
15029635 |
| 008 |
111229s2008 njua 001 0 eng d |
| 010 |
|
|
|a 2007040548
|
| 020 |
|
|
|a 0132360292 (pbk. : alk. paper)
|
| 020 |
|
|
|a 9780132360296 (pbk. : alk. paper)
|
| 040 |
|
|
|a DLC
|c DLC
|d BAKER
|d BTCTA
|d YDXCP
|d C#P
|d BWX
|d DLC
|d BD-DhAAL
|
| 082 |
0 |
0 |
|a 658.4/72
|2 22
|
| 100 |
1 |
|
|a Inmon, William H.
|
| 245 |
1 |
0 |
|a Tapping into unstructured data :
|b integrating unstructured data and textual analytics into business intelligence /
|c William H. Inmon, Anthony Nesavich.
|
| 260 |
|
|
|a Upper Saddle River, NJ :
|b Prentice Hall,
|c c2008.
|
| 300 |
|
|
|a xix, 241 p. :
|b ill. ;
|c 24 cm.
|
| 500 |
|
|
|a Includes index.
|
| 541 |
|
|
|e 00024168
|
| 650 |
|
0 |
|a Business intelligence.
|
| 650 |
|
0 |
|a Data mining.
|
| 650 |
|
0 |
|a Management information systems.
|
| 650 |
|
0 |
|a Data warehousing.
|
| 700 |
1 |
|
|a Nesavich, Anthony.
|
| 852 |
1 |
|
|a Ayesha Abed Library
|c General shelf.
|
| 999 |
|
|
|c 11700
|d 11700
|
| 952 |
|
|
|0 0
|1 0
|2 ddc
|4 0
|6 658_472000000000000_INM
|7 0
|9 19026
|a BRACUL
|b BRACUL
|c GEN
|d 2011-12-29
|e Trim Education
|g 3425.00
|l 1
|m 1
|o 658.472 INM
|p 3010024168
|r 2012-04-08
|s 2012-01-01
|t 1
|w 2011-12-29
|y BK
|x Available
|
| 952 |
|
|
|0 0
|1 0
|2 ddc
|4 0
|6 658_472000000000000_INM
|7 0
|9 22181
|a BRACUL
|b BRACUL
|c GEN
|d 2013-04-10
|e Parama Publishers and Distributors
|g 3424.00
|l 1
|m 29
|o 658.472 INM
|p 3010026773
|r 2017-09-25
|s 2017-01-15
|t 2
|w 2013-04-10
|y BK
|